000 00524cam a2200217ua 4500
001 7172
005 20260515114150.0
008 141127n ii |||gr||||Z||||||eng
020 _a9789382750093
040 _cMAIN
041 _aeng
082 _a954
100 _aHussain,T.A.,
_eAuthor.
245 1 _aBharatbarsar itihash
_cBy Tasadduque Amanul Hussain
250 _a1st.
260 _aDibrugarh:
_bBanalata,
_c2013.
300 _a316p.
653 _aIndian history
700 _aBaruah,P.Kr.,
_eAuthor.
942 _cBK
999 _c6293
_d6293